Correlates of instructional leaders’ supervisory skills vis-à-vis perceptions of tertiary level faculty: base reference data for an improved supervisor-supervisee relationship. (Record no. 298002)
[ view plain ]
| 000 -LEADER | |
|---|---|
| fixed length control field | 00445nam a2200097Ia 4500 |
| 008 - FIXED-LENGTH DATA ELEMENTS--GENERAL INFORMATION | |
| fixed length control field | 160725s9999 xx 000 0 und d |
| 100 ## - MAIN ENTRY--PERSONAL NAME | |
| Personal name | Paulo, Mark Edward S. |
| 245 ## - TITLE STATEMENT | |
| Title | Correlates of instructional leaders’ supervisory skills vis-à-vis perceptions of tertiary level faculty: base reference data for an improved supervisor-supervisee relationship. |
| 260 ## - PUBLICATION, DISTRIBUTION, ETC. (IMPRINT) | |
| Name of publisher, distributor, etc | Kaizen Research Journal College of Education |
| Date of publication, distribution, etc | January 2014 |
| 650 ## - SUBJECT ADDED ENTRY--TOPICAL TERM | |
| Topical term or geographic name as entry element | EDUCATION |
No items available.